<?xml version="1.0" encoding="UTF-8"?><?xml-stylesheet type="text/xsl" href="static/style.xsl"?><OAI-PMH xmlns="http://www.openarchives.org/OAI/2.0/" xmlns:xsi="http://www.w3.org/2001/XMLSchema-instance" xsi:schemaLocation="http://www.openarchives.org/OAI/2.0/ http://www.openarchives.org/OAI/2.0/OAI-PMH.xsd"><responseDate>2026-04-13T01:21:29Z</responseDate><request verb="GetRecord" identifier="oai:www.recercat.cat:2117/442023" metadataPrefix="marc">https://recercat.cat/oai/request</request><GetRecord><record><header><identifier>oai:recercat.cat:2117/442023</identifier><datestamp>2026-01-26T09:15:49Z</datestamp><setSpec>com_2072_1033</setSpec><setSpec>col_2072_452951</setSpec></header><metadata><record xmlns="http://www.loc.gov/MARC21/slim" xmlns:dcterms="http://purl.org/dc/terms/" xmlns:xsi="http://www.w3.org/2001/XMLSchema-instance" xmlns:doc="http://www.lyncode.com/xoai" xsi:schemaLocation="http://www.loc.gov/MARC21/slim http://www.loc.gov/standards/marcxml/schema/MARC21slim.xsd">
   <leader>00925njm 22002777a 4500</leader>
   <datafield ind2=" " ind1=" " tag="042">
      <subfield code="a">dc</subfield>
   </datafield>
   <datafield ind2=" " ind1=" " tag="720">
      <subfield code="a">Cañizares Ballús, Jaumre</subfield>
      <subfield code="e">author</subfield>
   </datafield>
   <datafield ind2=" " ind1=" " tag="260">
      <subfield code="c">2025-07-15</subfield>
   </datafield>
   <datafield ind2=" " ind1=" " tag="520">
      <subfield code="a">L'objectiu d'aquest projecte és el disseny d'un nou prototip de màquina dosificadora d'aliments que incorpori un sistema de visió artificial per assolir de manera automàtica la precisió necessària per poder dispensar el producte en envasos col·locats de manera caòtica. Per aconseguir aquest objectiu el prototip detectarà les boques dels bidons a omplir per poder ubicar automàticament el sortidor de la màquina dosificadora. El treball es centrarà principalment en la programació del PLC, en la integració del sistema de visió, el disseny i la funcionalitat del prototip. La feina a desenvolupar també inclou el disseny d'algunes parts amb SOLIDWORKS. Es realitzaran proves de funcionament sobre l'equip desenvolupat. Prèviament a la realització del treball s’ha fet un treball d'investigació per estudiar detalladament el funcionament de les màquines dosificadores. El prototip desenvolupat en aquest treball simula un robot cartesià que consta d’un pòrtic elevat per situar el sortidor de la dosificadora en l'eix X i d’una cinta per moure els bidons en l'eix Y. S’ha estudiat els elements necessaris per la construcció del prototip tenint en compte les seves característiques i els recursos disponibles a l’empresa. A partir d’aquí, s’han fet diferents proves de funcionament de cada una de les parts. S’ha dissenyat i construït una estructura adequada per a la realització de proves del prototip. L’automatisme consta de 3 parts, el processament de les imatges de la càmera amb Opencv per detectar la posició del forat, el control de la cinta amb el PLC i el control del motor stepper del pòrtic amb Arduino. Aquestes parts s’han integrat en un mateix projecte utilitzant el Software de Visual Studio</subfield>
   </datafield>
   <datafield tag="653" ind2=" " ind1=" ">
      <subfield code="a">Àrees temàtiques de la UPC::Informàtica::Automàtica i control</subfield>
   </datafield>
   <datafield tag="653" ind2=" " ind1=" ">
      <subfield code="a">Industrial engineering</subfield>
   </datafield>
   <datafield tag="653" ind2=" " ind1=" ">
      <subfield code="a">Automation</subfield>
   </datafield>
   <datafield tag="653" ind2=" " ind1=" ">
      <subfield code="a">Robot vision</subfield>
   </datafield>
   <datafield tag="653" ind2=" " ind1=" ">
      <subfield code="a">Enginyeria industrial</subfield>
   </datafield>
   <datafield tag="653" ind2=" " ind1=" ">
      <subfield code="a">Automatització</subfield>
   </datafield>
   <datafield tag="653" ind2=" " ind1=" ">
      <subfield code="a">Visió artificial (Robòtica)</subfield>
   </datafield>
   <datafield ind2="0" ind1="0" tag="245">
      <subfield code="a">Projecte de desenvolupament d'una dosificadora automàtica basada en visió artificial per a la indústria alimentària</subfield>
   </datafield>
</record></metadata></record></GetRecord></OAI-PMH>